Normal view MARC view
  • NIÑOS CON DISCAPACIDAD VISUAL -

Entry Materia

Number of records used in: 7

001 - NÚMERO DE CONTROL DEL REGISTRO

  • campo de control: 259

003 - IDENTIFICADOR DE NUMERO DE CONTROL

  • campo de control: UPN

005 - FECHA Y HORA DE LA ÚLTIMA TRANSACCIÓN

  • campo de control: 20210219193601.0

008 - DATOS DE LONGITUD FIJA

  • campo de control de longitud fija: a|ac|n|aab||||||||||||a |n|||||||

035 ## - NÚMERO DE CONTROL DEL SISTEMA

  • Número de control del sistema: UPN10000000259

040 ## - FUENTE DE LA CATALOGACIÓN

  • Lengua de catalogación: SPA
  • Agencia de transcripción: UPN

150 ## - ENCABEZAMIENTO - TEMÁTICO

  • Término de materia o nombre geográfico como elemento inicial: NIÑOS CON DISCAPACIDAD VISUAL -
  • Subdivisión de materia general: EDUCACION

670 ## - FUENTE EN LA QUE SE LOCALIZARON DATOS

  • Cita de la fuente: LC
  • Información localizada: Children with visual disabilities - Education

902 ## - CATALOGADOR

  • Catalogador: MMA/260705